banner-ar

العولمة والطريق الثالث / (Record no. 66083)

MARC details
000 -الفاتح
حقل البيانات ثابتة الطول 00796nam a2200217Ia 4500
005 - وقت وتاريخ اخر تعامل مع التسجيلة
رقم الضبط 20240530110858.0
008 - عناصر البيانات ثابتة الطول - معلومات عامة
حقل البيانات ثابتة الطول 140319s1999 ua 000 0 ara d
016 ## - رقم ضبط الوكاله الوطنية للضبط الببليوجرافي
رقم ضبط التسجيلة 99/10593
020 ## - الرقم الدولى المعيارى للكتب
الرقم الدولى المعيارى للكتاب 9770163597
040 ## - مصدر الفهرسة
وكالة الفهرسة الأصلية GCL /
وكالة النسخ GCL
082 04 - رقم تصنيف ديوى العشرى
رقم التصنيف 306/
رقم المادة أ ع
رقم الطبعة 21
100 0# - المدخل الرئيسى - إسم شخصى
الإسم الشخصى السيد يسين
245 12 - بيان العنوان
العنوان العولمة والطريق الثالث /
بيان المسئوليه,etc السيد يسين
260 ## - PUBLICATION, DISTRIBUTION, ETC. (IMPRINT)
تاريخ النشر أو التوزيع 1999.
300 ## - الوصف المادى
التعداد 160 ص ؛
أبعاد الوعاء 19 سم.
490 0# - بيان السلسلة
عنوان السلسلة مكتبة الاسرة :مهرجان القراءة للجميع : سلسلة الاعمال الفكرية ؛
رقم المجلد/ التعيين التسلسلي 99.
650 07 - المدخل الاضافى بالموضوع-مصطلح موضوعى
مصطلح موضوعي العولمة
مصدر الرأس أو المصطلح qrmak
650 07 - المدخل الاضافى بالموضوع-مصطلح موضوعى
مصدر الرأس أو المصطلح qrmak
مصطلح موضوعي الثقافة
التقسيم الفرعي العام العولمة
942 ## - عناصر المدخل الإضافي( كوها)
مصدر التصنيف او مخطط الترفيف Dewey Decimal Classification
Koha [default] item type كتاب
260 ## - PUBLICATION, DISTRIBUTION, ETC. (IMPRINT)
-- القاهرة :
-- الهيئة المصرية العامة للكتاب،
Holdings
حالة التراجع حالة الفقد مصدر التصنيف او خطة الترفيف حالة تلف ليس للاعارة المكان المؤقت الموقع الحالى موقع الترفيف تاريخ الاكتساب اجمالي اﻻعارات رقم الطلب الباركود تاريخ اخر مشاهدة تاريخ تفعيل السعر نوع وعاء كوها
    ddc     مكتبة القاهرة الكبرى مكتبة القاهرة الكبرى ق الرئيسية_العلوم الاجتماعية_ك عربى 01/25/2022   306/ أ ع 167301 01/25/2022 01/25/2022 كتاب

Powered By

EGPV